| 000 | 00000nam##2200000za#4500 |
| 001 | 9.614815 |
| 003 | CaOODSP |
| 005 | 20211126112847 |
| 007 | ta |
| 008 | 150406|1999||||xxc||||| f|0| 0 eng|d |
| 020 | |a0-662-27795-3 |
| 022 | |a1192-5434 |
| 040 | |aCaOODSP|beng |
| 043 | |an-cn--- |
| 086 | 1 |aFB3-2/99-8E |
| 110 | 2 |aBank of Canada. |
| 245 | 10|aMonetary rules when economic behaviour changes / |cby Robert Amano, Don Coletti and Tiff Macklem. |
| 260 | |aOttawa - Ontario : |bBank of Canada |c1999. |
| 300 | |av, 46p. : |bgraphs, references, tables ; |c28 cm. |
| 490 | 1 |aWorking paper|x1192-5434|v99-8 |
| 500 | |a"This paper examines the implications of changes in economic behaviour for simple inflation-forecast-based monetary rules of the type currently used at two inflation-targeting central banks. Three types of changes in economic behaviour are considered, changes that are motivated by developments in monetary and fiscal policy in the 1990s: changes in monetary policy credibility, changes in the slope of the Phillips curve, and changes in the degree of income stabilization from automatic fiscal transfers."--Page v. |
| 520 | 3 |aThis paper examines the implications of changes in economic behaviour for simple inflation-forecast-based monetary rules of the type currently used at two inflation-targeting central banks. Three types of changes in economic behaviour are considered, changes that are motivated by developments in monetary and fiscal policy in the 1990s: changes in monetary policy credibility, changes in the slope of the Phillips curve, and changes in the degree of income stabilization from automatic fiscal transfers.--Page v |
| 546 | |aRésumés en français |
| 563 | |aSoftcover |
| 590 | |a99-16|b1999-04-23 |
| 690 | 07|aMonetary policy|2gcpds |
| 690 | 07|aInflation|2gcpds |
| 720 | 1 |aMacklem, Tiff |
| 720 | 1 |aAmano, Robert |
| 720 | 1 |aColetti, Don |
| 776 | 0#|tMonetary rules when economic behaviour changes / |w(CaOODSP)9.571710 |
| 830 | #0|aWorking paper,|x1192-5434|v99-8|w(CaOODSP)9.514622 |
| 986 | |a99-8 |